Officers of the RMS Titanic - Statistics

General Stats
  • This quiz has been taken 137 times
  • The average score is 6 of 8
Answer Stats
Rank Fate Answer % Correct
Captain Went down with the ship Edward Smith
97%
Second Officer Boarded Collapsible B Charles Lightoller
93%
First Officer Went down with the ship William Murdoch
91%
Fifth Officer Boarded Lifeboat No. 14 Harold Lowe
72%
Sixth Officer Went down with the ship James Moody
70%
Chief Officer Went down with the ship Henry Wilde
68%
Fourth Officer Boarded Lifeboat No. 2 Joseph Boxhall
66%
Third Officer Boarded Lifeboat No. 5 Herbert Pitman
64%
No matching quizzes found
Score Distribution
Percent of People with Each Score
Percentile by Number Answered
Your Score History
You have not taken this quiz